000 00753nam a2200253 i 4500
003 DO-SdBNP
005 20260518121543.0
007 ta
008 260518e2022 us ao||gr||||z||| ||spa d
020 _a9788414540373
040 _aDO-SdBNP
_bspa
_cBNPHU
_erda
041 _aspa
082 _bR696p 2022
_222
100 _aRodríguez, Helen
_989644
_eautor
245 _aPensamientos y poemas /
_cHelen Rodríquez.
264 _a[United States] :
_bLACUHE Ediciones,
_c2022.
300 _a109 páginas :
_bilustraciones, fotografías ;
_c22 cm.
336 _atexto
_btxt
_2rdacontent
337 _asin mediación
_bn
_2rdamedia
338 _avolumen
_bnc
_2rdacarrier
590 _aInventariado, 2026/WG.
900 _aWGuzmán
942 _2ddc
_cLBS1
999 _c60773
_d60773